[Event "Medellin Flores op 30th"]
[Site "Medellin"]
[Date "2023.08.06"]
[Round "6"]
[White "Macias Chavarro, Manuela"]
[Black "Garcia, Mario2222"]
[Result "1-0"]
[WhiteElo "1758"]
[BlackElo "1342"]
[PlyCount "47"]
[EventDate "2023.08.03"]
[EventType "swiss"]
[EventRounds "9"]
[EventCountry "COL"]
[SourceTitle "EXT 2024"]
[Source "ChessBase"]
[SourceDate "2023.10.10"]
[SourceVersion "1"]
[SourceVersionDate "2023.10.10"]
[SourceQuality "1"]

1. e4 d5 2. exd5 Nf6 3. d4 Bg4 4. Be2 Bxe2 5. Qxe2 Qxd5 6. Nf3 Nc6 7. c4 Nxd4 8. cxd5 Nxe2 9. Kxe2 Nxd5 10. Ng5 e6 11. Ne4 0-0-0 12. Nbc3 Be7 13. Be3 h6 14. Rhd1 b6 15. Rac1 Rd7 16. Nxd5 exd5 17. Ng3 Bf6 18. Bd4 Re8+ 19. Kf1 Bg5 20. Rc2 Kb7 21. Bxg7 f6 22. Nh5 c5 23. Bxf6 d4 24. Bxg5 1-0

[Event "Medellin Flores op 30th"]
[Site "Medellin"]
[Date "2023.08.05"]
[Round "5"]
[White "Tobar Beltran, Jorge Esteban"]
[Black "Macias Chavarro, Manuela"]
[Result "1-0"]
[WhiteElo "1938"]
[BlackElo "1758"]
[PlyCount "87"]
[EventDate "2023.08.03"]
[EventType "swiss"]
[EventRounds "9"]
[EventCountry "COL"]
[SourceTitle "EXT 2024"]
[Source "ChessBase"]
[SourceDate "2023.10.10"]
[SourceVersion "1"]
[SourceVersionDate "2023.10.10"]
[SourceQuality "1"]

1. b3 d5 2. Bb2 c5 3. f4 Nc6 4. Nf3 Bg4 5. e3 Bxf3 6. Qxf3 Nf6 7. Bb5 g6 8. Bxf6 exf6 9. Nc3 a6 10. Bd3 d4 11. Nd5 f5 12. e4 Bg7 13. exf5 0-0 14. 0-0 b5 15. Rae1 Qd6 16. fxg6 hxg6 17. Be4 Rac8 18. f5 Ne5 19. Qh3 Rce8 20. f6 Bh8 21. Rf4 Qe6 22. Qh4 Nc6 23. Nc7 Qe5 24. Nxe8 Rxe8 25. Ref1 Re6 26. Bxc6 Rxc6 27. Re1 Qh5 28. Re8+ Kh7 29. Re7 Kg8 30. Re8+ Kh7 31. Qxh5+ gxh5 32. Rf8 Bxf6 33. Rxf7+ Kg6 34. Rd7 c4 35. bxc4 bxc4 36. Rdxd4 Bxd4+ 37. Rxd4 Kf5 38. Kf2 Rc5 39. a4 a5 40. c3 Kg5 41. Ke3 Kf5 42. Rf4+ Ke5 43. h3 Ke6 44. g4 1-0

[Event "COL Subzt 2.3.4 (Women)"]
[Site "Risarald"]
[Date "2021.11.26"]
[Round "7"]
[White "Macias Chavarro, Manuela"]
[Black "Agudelo Zapata, Yarli Alejandra"]
[Result "1-0"]
[WhiteElo "1728"]
[BlackElo "1197"]
[PlyCount "76"]
[EventDate "2021.11.23"]
[EventType "swiss"]
[EventRounds "9"]
[EventCountry "COL"]
[SourceTitle "CBM 205 Extra"]
[Source "ChessBase"]
[SourceDate "2022.01.31"]
[SourceVersion "1"]
[SourceVersionDate "2022.01.31"]
[SourceQuality "1"]

1. e4 c5 2. c3 d6 3. d4 cxd4 4. cxd4 g6 5. Nc3 Bg7 6. Nf3 Nc6 7. Bc4 Bg4 8. Bxf7+ Kxf7 9. Ng5+ Ke8 10. Qxg4 Nxd4 11. 0-0 Nf6 12. Qd1 e5 13. f4 h6 14. Nf3 Nc6 15. Kh1 a6 16. Qb3 Qe7 17. Nh4 Nd4 18. Qb6 Kf7 19. fxe5 Qxe5 20. Qxb7+ Qe7 21. Qxe7+ Kxe7 22. Nxg6+ Kd7 23. Nxh8 Rxh8 24. Bf4 Ne6 25. e5 Nh5 26. Be3 Bxe5 27. Rf7+ Kc6 28. Rc1 Rb8 29. Ra7 Nc5 30. Bxc5 dxc5 31. Rxa6+ Kd7 32. Rxh6 Nf4 33. g3 Nd3 34. Rd1 c4 35. b3 Ke8 36. Ne4 cxb3 37. axb3 Rxb3 38. Rxd3 Rxd3 1-0

[Event "COL Subzt 2.3.4 (Women)"]
[Site "Risarald"]
[Date "2021.11.23"]
[Round "1"]
[White "Medina Baquiro, Paula Andrea"]
[Black "Macias Chavarro, Manuela"]
[Result "0-1"]
[WhiteElo "1231"]
[BlackElo "1728"]
[PlyCount "46"]
[EventDate "2021.11.23"]
[EventType "swiss"]
[EventRounds "9"]
[EventCountry "COL"]
[SourceTitle "CBM 205 Extra"]
[Source "ChessBase"]
[SourceDate "2022.01.31"]
[SourceVersion "1"]
[SourceVersionDate "2022.01.31"]
[SourceQuality "1"]

1. e4 Nc6 2. d4 d5 3. Nc3 dxe4 4. Bb5 Bd7 5. Bxc6 Bxc6 6. d5 Bd7 7. Nxe4 Nf6 8. Nxf6+ exf6 9. Bf4 Qe7+ 10. Qe2 0-0-0 11. 0-0-0 Qb4 12. Bd2 Qa4 13. Kb1 Bc5 14. Bc3 Rhe8 15. Qd2 Be6 16. Nf3 Bxd5 17. b3 Qa6 18. Qf4 Be6 19. Qg3 Qe2 20. Rde1 Qxf2 21. Qxg7 Bf5 22. Qxf6 Qxc2+ 23. Ka1 Rxe1+ 0-1

[Event "COL-ch Blitz (Women)"]
[Site "Villavicencio"]
[Date "2021.11.15"]
[Round "13"]
[White "Guerra Verano, Diana"]
[Black "Macias Chavarro, Manuela"]
[Result "1/2-1/2"]
[WhiteElo "1702"]
[BlackElo "1731"]
[PlyCount "79"]
[EventDate "2021.11.15"]
[EventType "swiss (blitz)"]
[EventRounds "13"]
[EventCountry "COL"]
[SourceTitle "CBM 205 Extra"]
[Source "ChessBase"]
[SourceDate "2022.01.31"]
[SourceVersion "1"]
[SourceVersionDate "2022.01.31"]
[SourceQuality "1"]

1. e4 e5 2. Nf3 Nc6 3. d4 exd4 4. Nxd4 Nxd4 5. Qxd4 d6 6. Nc3 Nf6 7. Bg5 Be7 8. Bxf6 Bxf6 9. Qd2 Bxc3 10. Qxc3 0-0 11. Bd3 Qg5 12. 0-0 Qc5 13. Qxc5 dxc5 14. e5 Be6 15. b3 a6 16. Bc4 Bxc4 17. bxc4 b5 18. cxb5 axb5 19. Rfc1 Rfd8 20. c4 b4 21. Kf1 Rd3 22. Ke2 Rc3 23. Rxc3 bxc3 24. Kd3 Re8 25. f4 Rd8+ 26. Kxc3 Rd4 27. Rb1 f6 28. g3 Kf7 29. Rb2 Ke6 30. Rd2 Rxd2 31. Kxd2 fxe5 32. fxe5 Kxe5 33. Ke3 Kd6 34. Ke4 Kc6 35. Ke5 Kb6 36. Ke4 Ka5 37. Kd5 Kb6 38. Ke4 Ka5 39. Kd5 Kb6 40. Ke4 1/2-1/2

[Event "COL-ch Blitz (Women)"]
[Site "Villavicencio"]
[Date "2021.11.15"]
[Round "8"]
[White "Macias Chavarro, Manuela"]
[Black "Rincon Fuquen, Angie Lizeth"]
[Result "1-0"]
[WhiteElo "1731"]
[BlackElo "1604"]
[PlyCount "123"]
[EventDate "2021.11.15"]
[EventType "swiss (blitz)"]
[EventRounds "13"]
[EventCountry "COL"]
[SourceTitle "CBM 205 Extra"]
[Source "ChessBase"]
[SourceDate "2022.01.31"]
[SourceVersion "1"]
[SourceVersionDate "2022.01.31"]
[SourceQuality "1"]

1. e4 c6 2. d4 d5 3. e5 Bf5 4. g4 Bg6 5. h4 h6 6. h5 Bh7 7. e6 fxe6 8. Bd3 Bxd3 9. Qxd3 Kd7 10. Nf3 Qe8 11. Ne5+ Kc7 12. Ng6 Rh7 13. Nxf8 Qxf8 14. Qxh7 Nd7 15. Qd3 Ngf6 16. f3 Nb6 17. b3 Nfd7 18. Bb2 Qf6 19. Nd2 Rf8 20. 0-0-0 Qf4 21. Rde1 Rf6 22. Qe3 Qd6 23. c4 Qf4 24. Qxf4+ Rxf4 25. c5 Nc8 26. Rxe6 Nf6 27. Rhe1 Kd7 28. b4 a6 29. R1e3 Nh7 30. Rg6 Rf7 31. Kd1 Nf6 32. Nb3 Na7 33. a4 Nc8 34. g5 hxg5 35. Rxg5 Kc7 36. Na5 Nh7 37. Rge5 Nf6 38. Ke2 Nh7 39. Re6 Nf6 40. Bc1 Nxh5 41. Nb3 Nf4+ 42. Kf2 Nxe6 43. Rxe6 Kd7 44. Re5 e6 45. Bg5 Ne7 46. Bxe7 Kxe7 47. Na5 Kf6 48. Kg3 g6 49. Kg4 Rh7 50. f4 Rf7 51. Re1 Rh7 52. Re2 Rf7 53. Rh2 Rg7 54. Rh8 Rf7 55. Rb8 Rf8 56. Rxf8+ Ke7 57. Rg8 Kf7 58. Rb8 Kf6 59. Rxb7 e5 60. fxe5+ Ke6 61. Nxc6 g5 62. Re7# 1-0

[Event "COL-ch Blitz (Women)"]
[Site "Villavicencio"]
[Date "2021.11.15"]
[Round "3"]
[White "Orozco, Lina Yomayra"]
[Black "Macias Chavarro, Manuela"]
[Result "1-0"]
[WhiteElo "1979"]
[BlackElo "1731"]
[PlyCount "63"]
[EventDate "2021.11.15"]
[EventType "swiss (blitz)"]
[EventRounds "13"]
[EventCountry "COL"]
[SourceTitle "CBM 205 Extra"]
[Source "ChessBase"]
[SourceDate "2022.01.31"]
[SourceVersion "1"]
[SourceVersionDate "2022.01.31"]
[SourceQuality "1"]

1. e4 Nc6 2. d4 d5 3. e5 Bf5 4. c3 e6 5. Bd3 Nge7 6. Ne2 Qd7 7. Na3 a6 8. Nc2 f6 9. exf6 gxf6 10. Ng3 Bxd3 11. Qxd3 0-0-0 12. Nh5 Ng8 13. Bd2 e5 14. 0-0-0 Qf7 15. Qh3+ Kb8 16. Be3 Bd6 17. f3 Nge7 18. g4 Ng6 19. Rhe1 Rhe8 20. Bf2 Nce7 21. Bh4 exd4 22. Nxd4 Nf4 23. Nxf4 Bxf4+ 24. Kb1 Ng6 25. Bg3 Qd7 26. Nf5 Ka8 27. Qg2 c5 28. Qc2 Ne7 29. Bxf4 Nxf5 30. Qxf5 Qc6 31. Rxe8 Rxe8 32. Qxd5 1-0

[Event "COL-ch Rapid (Women)"]
[Site "Villavicencio"]
[Date "2021.11.14"]
[Round "6"]
[White "Macias Chavarro, Manuela"]
[Black "Mateus, Martha"]
[Result "0-1"]
[WhiteElo "1747"]
[BlackElo "1977"]
[PlyCount "66"]
[EventDate "2021.11.13"]
[EventType "swiss (rapid)"]
[EventRounds "9"]
[EventCountry "COL"]
[SourceTitle "CBM 205 Extra"]
[Source "ChessBase"]
[SourceDate "2022.01.31"]
[SourceVersion "1"]
[SourceVersionDate "2022.01.31"]
[SourceQuality "1"]

1. e4 c5 2. c3 d5 3. exd5 Qxd5 4. d4 Nf6 5. Nf3 Bg4 6. Be2 e6 7. 0-0 Be7 8. Be3 cxd4 9. cxd4 Nc6 10. Nc3 Qd6 11. Nb5 Qb8 12. Rc1 a6 13. Nc3 0-0 14. h3 Bh5 15. Qb3 Nb4 16. g4 Bg6 17. Ne5 Rd8 18. Rfd1 Nbd5 19. Bg5 Nxc3 20. bxc3 Be4 21. c4 h6 22. Bh4 Qa7 23. Qe3 Bh7 24. Bf3 Nxg4 25. Bxg4 Bxh4 26. Rc3 Bf6 27. Qf4 Qb6 28. Rf3 Qd6 29. Bh5 Bxe5 30. Qxf7+ Kh8 31. Re3 Bxd4 32. Rg3 Qc5 33. Bg6 Bxf2+ 0-1

[Event "Soacha op-A"]
[Site "Soacha"]
[Date "2021.09.11"]
[Round "7"]
[White "Vargas, Mauricio"]
[Black "Macias Chavarro, Manuela"]
[Result "1-0"]
[WhiteElo "2134"]
[BlackElo "1719"]
[PlyCount "67"]
[EventDate "2021.09.08"]
[EventType "swiss"]
[EventRounds "10"]
[EventCountry "COL"]
[SourceTitle "CBM 204 Extra"]
[Source "ChessBase"]
[SourceDate "2021.11.30"]
[SourceVersion "1"]
[SourceVersionDate "2021.11.30"]
[SourceQuality "1"]

1. d4 Nf6 2. c4 e5 3. dxe5 Ng4 4. Nf3 Bc5 5. e3 Nc6 6. a3 a5 7. b3 0-0 8. Bb2 Qe7 9. Nc3 Re8 10. Nd5 Qd8 11. Bd3 Ncxe5 12. h3 Nxd3+ 13. Qxd3 Nh6 14. g4 c6 15. g5 cxd5 16. gxh6 d4 17. Bxd4 Bxd4 18. Qxd4 Qf6 19. Qxf6 gxf6 20. Rg1+ Kh8 21. Rg7 Re7 22. 0-0-0 d5 23. cxd5 Bxh3 24. Rd4 Rg8 25. Rxg8+ Kxg8 26. Rf4 Rc7+ 27. Kd2 Rc5 28. e4 f5 29. Ng5 Bg4 30. f3 Bh5 31. Rxf5 Bg6 32. Rf6 Rb5 33. Kc3 b6 34. b4 1-0

[Event "Soacha op-A"]
[Site "Soacha"]
[Date "2021.09.10"]
[Round "6"]
[White "Macias Chavarro, Manuela"]
[Black "Pazos Gambarrotti, Plinio Efrain"]
[Result "0-1"]
[WhiteElo "1719"]
[BlackElo "2063"]
[PlyCount "68"]
[EventDate "2021.09.08"]
[EventType "swiss"]
[EventRounds "10"]
[EventCountry "COL"]
[SourceTitle "CBM 204 Extra"]
[Source "ChessBase"]
[SourceDate "2021.11.30"]
[SourceVersion "1"]
[SourceVersionDate "2021.11.30"]
[SourceQuality "1"]

1. e4 e5 2. Nf3 Nc6 3. Bc4 Nf6 4. Ng5 d5 5. exd5 Nxd5 6. d4 Be7 7. dxe5 Bxg5 8. Bxd5 Nxe5 9. f4 Bh6 10. 0-0 Bg4 11. Qd4 Be6 12. Qa4+ Bd7 13. Qe4 0-0 14. fxe5 Bxc1 15. Rxc1 c6 16. Bb3 Qg5 17. Nc3 Rae8 18. Re1 Re7 19. Qe3 Qg6 20. Rad1 Rfe8 21. Rd6 Qxd6 22. Bxf7+ Kxf7 23. Qf4+ Kg8 24. exd6 Rxe1+ 25. Kf2 R1e6 26. Qc4 Kh8 27. Qb4 b6 28. h3 c5 29. Qa3 a5 30. Nd5 Rxd6 31. c4 Bc6 32. Nxb6 Rd2+ 33. Kg3 Rxg2+ 34. Kh4 Re4+ 0-1

[Event "COL-ch sf (Women)"]
[Site "Santa Rosa"]
[Date "2021.08.16"]
[Round "8"]
[White "Cardona Martinez, Lina Sofia"]
[Black "Macias Chavarro, Manuela"]
[Result "1-0"]
[WhiteElo "1877"]
[BlackElo "1723"]
[PlyCount "116"]
[EventDate "2021.08.12"]
[EventType "swiss"]
[EventRounds "9"]
[EventCountry "COL"]
[SourceTitle "CBM 204 Extra"]
[Source "ChessBase"]
[SourceDate "2021.11.30"]
[SourceVersion "1"]
[SourceVersionDate "2021.11.30"]
[SourceQuality "1"]

1. e4 Nc6 2. Nf3 e5 3. Bb5 Nf6 4. d3 d6 5. c3 Be7 6. 0-0 0-0 7. Qe2 Bg4 8. Rd1 d5 9. h3 Bxf3 10. Qxf3 Nb8 11. Nd2 c6 12. Ba4 Nbd7 13. Nf1 Nc5 14. Bc2 d4 15. Ng3 g6 16. cxd4 exd4 17. Qe2 Nfd7 18. f4 Bh4 19. Nf1 f5 20. b4 Na6 21. Bb3+ Kg7 22. Bb2 c5 23. bxc5 Ndxc5 24. g3 Be7 25. Kh1 Nb4 26. exf5 Rxf5 27. Bxd4+ Bf6 28. Bxf6+ Qxf6 29. d4 Nxb3 30. axb3 Qc6+ 31. Qg2 Qd7 32. Ne3 Rf7 33. Nc4 Qd5 34. Ra5 Qxg2+ 35. Kxg2 Nc6 36. Rd5 Nb4 37. Re5 Rd8 38. d5 Rfd7 39. d6 Nc6 40. Red5 Nb4 41. R5d2 Nc6 42. Kf3 Kf6 43. g4 h6 44. h4 b5 45. g5+ hxg5 46. hxg5+ Kf7 47. Ne5+ Nxe5+ 48. fxe5 Ke6 49. Ke4 Rf8 50. Rd5 a6 51. Rc5 Rf5 52. Rd2 Rxg5 53. Rf2 Rf5 54. Rg2 g5 55. Rh2 Rf4+ 56. Ke3 Kf5 57. Rh8 Re4+ 58. Kd3 Rf4 1-0

[Event "COL-ch sf (Women)"]
[Site "Santa Rosa"]
[Date "2021.08.13"]
[Round "2"]
[White "Hernandez Fonseca, Maria Paula"]
[Black "Macias Chavarro, Manuela"]
[Result "1-0"]
[WhiteElo "1969"]
[BlackElo "1723"]
[PlyCount "49"]
[EventDate "2021.08.12"]
[EventType "swiss"]
[EventRounds "9"]
[EventCountry "COL"]
[SourceTitle "CBM 204 Extra"]
[Source "ChessBase"]
[SourceDate "2021.11.30"]
[SourceVersion "1"]
[SourceVersionDate "2021.11.30"]
[SourceQuality "1"]

1. e4 c6 2. d4 d5 3. e5 Bf5 4. g4 Bd7 5. h3 h5 6. Bg2 hxg4 7. hxg4 Rxh1 8. Bxh1 e6 9. Ne2 c5 10. Be3 Qb6 11. Nbc3 Nc6 12. Qd2 cxd4 13. Bxd4 Nxd4 14. Nxd4 0-0-0 15. 0-0-0 Bc5 16. Kb1 f6 17. exf6 gxf6 18. f4 Ne7 19. Nb3 Be3 20. Qh2 Rg8 21. Bf3 f5 22. g5 Qd6 23. Ne2 Rxg5 24. Qh8+ Rg8 25. Qc3+ 1-0

[Event "COL-ch sf (Women)"]
[Site "Santa Rosa"]
[Date "2021.08.12"]
[Round "1"]
[White "Macias Chavarro, Manuela"]
[Black "Penagos, Laura Valentina"]
[Result "1-0"]
[WhiteElo "1723"]
[BlackElo "1600"]
[PlyCount "87"]
[EventDate "2021.08.12"]
[EventType "swiss"]
[EventRounds "9"]
[EventCountry "COL"]
[SourceTitle "CBM 204 Extra"]
[Source "ChessBase"]
[SourceDate "2021.11.30"]
[SourceVersion "1"]
[SourceVersionDate "2021.11.30"]
[SourceQuality "1"]

1. e4 c5 2. Nc3 d6 3. g3 Nc6 4. Bg2 Nf6 5. d3 e6 6. Nge2 Be7 7. 0-0 0-0 8. f4 Bd7 9. h3 Rc8 10. g4 a6 11. Ng3 b5 12. f5 Ne8 13. Be3 b4 14. Nce2 e5 15. Qd2 h6 16. c3 Nc7 17. Nh5 Bg5 18. f6 gxf6 19. Rf3 Qe7 20. Raf1 Ne8 21. Neg3 Kh7 22. Nf5 Bxf5 23. Rxf5 Qe6 24. Qf2 Qxa2 25. Bxg5 fxg5 26. Rxg5 Ne7 27. Rf5 Rc7 28. Nf6+ Nxf6 29. Rxf6 bxc3 30. Qe3 Ng6 31. bxc3 Nf4 32. R1xf4 exf4 33. Qxf4 Qa1+ 34. Kh2 Qxc3 35. Qxd6 Re8 36. Rxh6+ Kg7 37. Rh5 Re6 38. Qxc7 a5 39. Qxc5 Qxd3 40. Qg5+ Rg6 41. Qe5+ Kf8 42. Rh8+ Rg8 43. Qb8+ Ke7 44. Rxg8 1-0

[Event "Feria de las Flores 28th"]
[Site "Medellin"]
[Date "2021.08.07"]
[Round "7"]
[White "Hernandez Fonseca, Maria Paula"]
[Black "Macias Chavarro, Manuela"]
[Result "1-0"]
[WhiteElo "1969"]
[BlackElo "1723"]
[PlyCount "65"]
[EventDate "2021.08.04"]
[EventType "swiss"]
[EventRounds "9"]
[EventCountry "COL"]
[SourceTitle "EXT 2022"]
[Source "ChessBase"]
[SourceDate "2021.10.06"]
[SourceVersion "1"]
[SourceVersionDate "2021.10.06"]
[SourceQuality "1"]

1. e4 Nc6 2. Nf3 g6 3. d4 Bg7 4. Nc3 d6 5. h3 Nf6 6. Be3 a6 7. e5 dxe5 8. dxe5 Qxd1+ 9. Rxd1 Nd7 10. Nd5 0-0 11. Nxc7 Rb8 12. e6 Nde5 13. exf7+ Nxf7 14. Bc4 Kh8 15. c3 Nfe5 16. Nxe5 Bxe5 17. Bh6 Rd8 18. Rxd8+ Nxd8 19. Nd5 b5 20. Bb3 Bb7 21. 0-0 Bxd5 22. Bxd5 b4 23. Re1 bxc3 24. bxc3 Bf6 25. c4 Rc8 26. g4 Rc7 27. Bf4 Rd7 28. g5 Bg7 29. Re3 Bd4 30. Rd3 e5 31. Rxd4 exd4 32. Be5+ Rg7 33. Bxd4 1-0

[Event "COL-ch U20"]
[Site "Duitama"]
[Date "2021.03.21"]
[Round "6"]
[White "Mogollon Tobar, Nicolle Juliet"]
[Black "Macias Chavarro, Manuela"]
[Result "1-0"]
[WhiteElo "1664"]
[BlackElo "1830"]
[PlyCount "53"]
[EventDate "2021.03.18"]
[EventType "swiss"]
[EventRounds "7"]
[EventCountry "COL"]
[SourceTitle "EXT 2022"]
[Source "ChessBase"]
[SourceDate "2021.10.06"]
[SourceVersion "1"]
[SourceVersionDate "2021.10.06"]
[SourceQuality "1"]

1. e4 Nc6 2. d4 d5 3. e5 Bf5 4. c3 e6 5. Nf3 f6 6. Bb5 a6 7. Bxc6+ bxc6 8. Nbd2 Bg6 9. Nf1 Ne7 10. exf6 gxf6 11. Ng3 Bg7 12. h4 h5 13. Qe2 Qd6 14. 0-0 Nf5 15. Nxf5 Bxf5 16. Re1 Bh6 17. Nd2 Bg4 18. Qd3 Kf7 19. Nf1 Rag8 20. Ng3 f5 21. Bxh6 Rxh6 22. Re5 f4 23. Ne2 Qe7 24. Nxf4 Qxh4 25. Rae1 Rf6 26. Qe3 Bf5 27. Rxf5 1-0

[Event "COL-ch (Women)"]
[Site "Fusagasuga"]
[Date "2020.12.02"]
[Round "3"]
[White "Macias Chavarro, Manuela"]
[Black "Pachon Gutierrez, Adriana Paola"]
[Result "1/2-1/2"]
[WhiteElo "1741"]
[BlackElo "2037"]
[PlyCount "145"]
[EventDate "2020.12.01"]
[EventType "tourn"]
[EventRounds "11"]
[EventCountry "COL"]
[SourceTitle "CBM 199 Extra"]
[Source "ChessBase"]
[SourceDate "2021.01.31"]
[SourceVersion "1"]
[SourceVersionDate "2021.01.31"]
[SourceQuality "1"]

1. d4 Nf6 2. c4 e6 3. Nf3 Bb4+ 4. Nbd2 b6 5. g3 Bb7 6. Bg2 0-0 7. 0-0 Bxd2 8. Bxd2 d6 9. e3 Nbd7 10. b4 Ne4 11. a4 Qf6 12. a5 a6 13. Qe2 Rfe8 14. Rfc1 Nxd2 15. Nxd2 Bxg2 16. Kxg2 e5 17. Qg4 Qe7 18. d5 e4 19. Qe2 Qf6 20. axb6 cxb6 21. Ra2 a5 22. bxa5 Rxa5 23. Rxa5 bxa5 24. Nb3 a4 25. Nd4 Rb8 26. Qc2 Nc5 27. Rb1 Rxb1 28. Qxb1 h5 29. h4 Nd3 30. Qa2 Kh7 31. Qe2 g6 32. Kg1 Ne5 33. Qc2 Ng4 34. Kg2 a3 35. Kg1 Ne5 36. Qa2 Ng4 37. Kg2 Kg7 38. Kg1 Ne5 39. Qxa3 Nxc4 40. Qc3 Ne5 41. Qc2 Nf3+ 42. Nxf3 exf3 43. Qd1 Qf5 44. Kh2 Kf6 45. Qa1+ Qe5 46. Qd1 Qe4 47. Qd2 Kf5 48. Kh3 Qc4 49. e4+ Kxe4 50. Qf4+ Kxd5 51. Qxf7+ Kc5 52. Qxf3 Qe6+ 53. Kh2 d5 54. Qe3+ Kd6 55. Qb6+ Ke7 56. Qc7+ Kf6 57. Qf4+ Qf5 58. Qd4+ Ke6 59. Kg2 Qg4 60. Qb6+ Ke5 61. Qc7+ Ke4 62. Qc2+ Kd4 63. Qd2+ Ke5 64. Qb2+ d4 65. Qb8+ Kd5 66. Qb7+ Kc4 67. Qa6+ Kc3 68. Qa3+ Kc2 69. Qa2+ Kc3 70. Qa3+ Kc4 71. Qa6+ Kb4 72. Qb6+ Kc4 73. Qa6+ 1/2-1/2

[Event "COL-ch (Women)"]
[Site "Fusagasuga"]
[Date "2020.12.02"]
[Round "2"]
[White "Viveros Torres, Erica Johana"]
[Black "Macias Chavarro, Manuela"]
[Result "1-0"]
[WhiteElo "1963"]
[BlackElo "1741"]
[PlyCount "58"]
[EventDate "2020.12.01"]
[EventType "tourn"]
[EventRounds "11"]
[EventCountry "COL"]
[SourceTitle "CBM 199 Extra"]
[Source "ChessBase"]
[SourceDate "2021.01.31"]
[SourceVersion "1"]
[SourceVersionDate "2021.01.31"]
[SourceQuality "1"]

1. e4 e5 2. Nf3 f5 3. Nxe5 Qf6 4. d4 d6 5. Nc4 fxe4 6. Nc3 Qf7 7. d5 Nf6 8. h3 Be7 9. Be3 0-0 10. Qd2 b5 11. Nxb5 Nxd5 12. 0-0-0 Be6 13. b3 Nc6 14. Nc3 Nxc3 15. Qxc3 d5 16. Nb2 Nb4 17. Kb1 a5 18. Na4 Na6 19. Bxa6 Rxa6 20. Qxc7 Rc8 21. Qf4 Qe8 22. Bd4 Qb5 23. Nc3 Qb4 24. Nxd5 Bxd5 25. Qg4 Bf8 26. Qxc8 Bb7 27. Qc3 Qa3 28. Qc4+ Kh8 29. Bc5 Bxc5 1-0

[Event "COL-ch sf"]
[Site "Bogota"]
[Date "2020.11.15"]
[Round "6"]
[White "Estrella Becerra, Fernando"]
[Black "Macias Chavarro, Manuela"]
[Result "1/2-1/2"]
[WhiteElo "1952"]
[BlackElo "1681"]
[PlyCount "28"]
[EventDate "2020.11.12"]
[EventType "swiss"]
[EventRounds "8"]
[EventCountry "COL"]
[SourceTitle "CBM 199 Extra"]
[Source "ChessBase"]
[SourceDate "2021.01.31"]
[SourceVersion "1"]
[SourceVersionDate "2021.01.31"]
[SourceQuality "1"]

1. c4 e5 2. Nc3 Nf6 3. g3 Nc6 4. Bg2 Bc5 5. e3 0-0 6. Nf3 d6 7. 0-0 a5 8. d4 Bb6 9. Nd5 Ba7 10. h3 Re8 11. dxe5 dxe5 12. b3 e4 13. Nd2 Bf5 14. g4 Bg6 1/2-1/2

[Event "COL Intercollegiate-ch blitz U18 Girls"]
[Site "Paipa"]
[Date "2019.12.15"]
[Round "5"]
[White "Hoyos Garces, Rosana"]
[Black "Macias Chavarro, Manuela"]
[Result "0-1"]
[WhiteElo "1426"]
[BlackElo "1673"]
[PlyCount "80"]
[EventDate "2019.12.15"]
[EventType "swiss (blitz)"]
[EventRounds "12"]
[EventCountry "COL"]
[SourceTitle "CBM 193 Extra"]
[Source "ChessBase"]
[SourceDate "2020.01.31"]
[SourceVersion "1"]
[SourceVersionDate "2020.01.31"]
[SourceQuality "1"]

1. d4 Nf6 2. c4 e5 3. dxe5 Ng4 4. e4 Nxe5 5. f4 Nec6 6. a3 a5 7. Nf3 Bc5 8. Bd2 0-0 9. Qc1 Re8 10. Bd3 Nd4 11. Nxd4 Bxd4 12. Be3 Nc6 13. 0-0 d6 14. Nc3 Qf6 15. Nd5 Qd8 16. Bxd4 Nxd4 17. Qe3 Nb3 18. Rad1 Bg4 19. Rde1 Nc5 20. Bb1 f5 21. Qg3 c6 22. Nc3 Qf6 23. b4 axb4 24. axb4 Nb3 25. Rf2 Nd4 26. e5 dxe5 27. fxe5 Qe6 28. Ba2 Kh8 29. c5 Qd7 30. e6 Nxe6 31. Bxe6 Rxe6 32. Rxe6 Qxe6 33. h3 Qe1+ 34. Kh2 Bh5 35. Ne2 h6 36. Nf4 Bf7 37. Ng6+ Bxg6 38. Qxg6 Qxf2 39. Qd6 Ra2 40. Qf8+ Kh7 0-1

[Event "COL Intercollegiate-ch blitz U18 Girls"]
[Site "Paipa"]
[Date "2019.12.15"]
[Round "2"]
[White "Macias Chavarro, Manuela"]
[Black "Carranza Pineda, Laura Vanessa1111"]
[Result "1-0"]
[WhiteElo "1673"]
[BlackElo "1258"]
[PlyCount "73"]
[EventDate "2019.12.15"]
[EventType "swiss (blitz)"]
[EventRounds "12"]
[EventCountry "COL"]
[SourceTitle "CBM 193 Extra"]
[Source "ChessBase"]
[SourceDate "2020.01.31"]
[SourceVersion "1"]
[SourceVersionDate "2020.01.31"]
[SourceQuality "1"]

1. e4 e5 2. Nf3 Nc6 3. Bb5 a6 4. Ba4 Nf6 5. 0-0 Bc5 6. c3 d6 7. d4 Bb6 8. d5 Bd7 9. dxc6 Bxc6 10. Bxc6+ bxc6 11. Bg5 h6 12. Bh4 g5 13. Bg3 Nxe4 14. Re1 d5 15. Nxe5 0-0 16. Nxc6 Qf6 17. Nd4 c5 18. Nf3 g4 19. Nfd2 Nxg3 20. Qxg4+ Kh7 21. hxg3 Rg8 22. Qf4 Qg6 23. Nf3 c4 24. Ne5 Qc2 25. Nd2 Qxb2 26. Rab1 Bxf2+ 27. Qxf2 Qxc3 28. Qxf7+ Rg7 29. Qf5+ Kh8 30. Nf7+ Kg8 31. Nxh6+ Kh8 32. Nf3 a5 33. Qe5 Qc2 34. Rb7 Qh7 35. Nf5 a4 36. Nxg7 Qxg7 37. Qxg7# 1-0

[Event "COL Intercollegiate-ch blitz U18 Girls"]
[Site "Paipa"]
[Date "2019.12.15"]
[Round "6"]
[White "Macias Chavarro, Manuela"]
[Black "Hoyos Garces, Rosana"]
[Result "1/2-1/2"]
[WhiteElo "1673"]
[BlackElo "1426"]
[PlyCount "47"]
[EventDate "2019.12.15"]
[EventType "swiss (blitz)"]
[EventRounds "12"]
[EventCountry "COL"]
[SourceTitle "CBM 193 Extra"]
[Source "ChessBase"]
[SourceDate "2020.01.31"]
[SourceVersion "1"]
[SourceVersionDate "2020.01.31"]
[SourceQuality "1"]

1. e4 e5 2. Nf3 Nf6 3. Nxe5 d6 4. Nf3 Nxe4 5. Nc3 Nxc3 6. dxc3 Nc6 7. Bf4 Be7 8. Qd2 Be6 9. 0-0-0 Qd7 10. Kb1 0-0-0 11. Ng5 Bf6 12. Nxe6 fxe6 13. Bb5 a6 14. Ba4 Kb8 15. Rhe1 d5 16. Qe3 Rhe8 17. Qc5 Be7 18. Qe3 Bd6 19. Bg5 Be7 20. Bf4 Bf6 21. Qc5 Be7 22. Qe3 Bf6 23. Qc5 Be7 24. Qe3 1/2-1/2